[Event "Europa tch femenino 2005"]
[Site "Gotebörg SWE"]
[Date "2005.08.01"]
[Round "3.7"]
[White "Medic, Mirjana"]
[Black "Klinova, Masha"]
[Result "1-0"]
[WhiteElo "2268"]
[BlackElo "2384"]
[PlyCount "103"]
[EventDate "2005.07.30"]
[EventType "team"]
[EventRounds "9"]
[EventCountry "SWE"]
[Source "lmi"]
[SourceDate "2005.08.07"]

1. d4 d6 2. Nf3 Nf6 3. g3 g6 4. Bg2 Bg7 5. c4 O-O 6. O-O Nc6 7. Nc3 Bf5 8. d5
Na5 9. Nd4 Bd7 10. b3 c5 11. Nc2 a6 12. Rb1 b5 13. cxb5 axb5 14. b4 cxb4 15.
Rxb4 Qc8 16. Nxb5 Bxb5 17. Rxb5 Qc4 18. Na3 Qc7 19. Be3 Nc4 20. Nxc4 Qxc4 21.
Qb3 Qxe2 22. a4 Rfc8 23. a5 Ng4 24. Bb6 Rc3 25. Qb1 Ne5 26. Bd4 Rcc8 27. Bb6
Nf3+ 28. Bxf3 Qxf3 29. Re1 Bc3 30. Qe4 Qxe4 31. Rxe4 Kf8 32. Kf1 Ke8 33. Ke2
Kd7 34. Kd3 e6 35. Rf4 f5 36. dxe6+ Kxe6 37. Ra4 Bf6 38. a6 d5 39. Bd4 Bxd4 40.
Kxd4 Rc6 41. a7 Rc7 42. Ra6+ Ke7 43. Rba5 Rd7 44. h4 Kf7 45. h5 Kg7 46. hxg6
hxg6 47. Ra1 Kf7 48. Kc5 d4 49. Kc6 Ke7 50. Re1+ Kd8 51. Rh1 Rc7+ 52. Kb6 1-0

[Event "Europa tch femenino 2005"]
[Site "Gotebörg SWE"]
[Date "2005.08.01"]
[Round "3.7"]
[White "Macek, Vlasta"]
[Black "Tsifanskaya, Ludmila A"]
[Result "1/2-1/2"]
[WhiteElo "2211"]
[BlackElo "2190"]
[PlyCount "51"]
[EventDate "2005.07.30"]
[EventType "team"]
[EventRounds "9"]
[EventCountry "SWE"]
[Source "lmi"]
[SourceDate "2005.08.07"]

1. d4 d5 2. c4 dxc4 3. Nf3 Nf6 4. e3 b5 5. a4 b4 6. Bxc4 e6 7. O-O Nbd7 8. Nbd2
Bb7 9. Qe2 c5 10. a5 Rc8 11. Bb5 Qc7 12. dxc5 Bxc5 13. Nb3 Be7 14. h3 O-O 15.
Rd1 Nc5 16. Nxc5 Qxc5 17. Bd3 Ne4 18. Nd2 Nxd2 19. Bxd2 Rfd8 20. e4 Bf6 21. Be3
Qe5 22. Bxa7 Qxb2 23. Qxb2 Bxb2 24. Rab1 Bc3 25. a6 Ba8 26. Be3 1/2-1/2

[Event "Europa tch femenino 2005"]
[Site "Gotebörg SWE"]
[Date "2005.08.01"]
[Round "3.7"]
[White "Borsuk, Angela"]
[Black "Sargac, Rajna"]
[Result "1-0"]
[WhiteElo "2342"]
[BlackElo "2242"]
[PlyCount "69"]
[EventDate "2005.07.30"]
[EventType "team"]
[EventRounds "9"]
[EventCountry "SWE"]
[Source "lmi"]
[SourceDate "2005.08.07"]

1. d4 e6 2. c4 b6 3. a3 g6 4. Nc3 Bg7 5. e4 Ne7 6. Nf3 O-O 7. h4 d5 8. h5 dxe4
9. Nxe4 Nf5 10. hxg6 fxg6 11. Be3 Nxe3 12. fxe3 Qe7 13. Qc2 Bb7 14. Neg5 Rf5
15. Nxh7 e5 16. dxe5 Bxf3 17. gxf3 Qxe5 18. O-O-O Nc6 19. Kb1 Qxe3 20. c5 b5
21. Bh3 Nd4 22. Rxd4 Qxd4 23. Bxf5 gxf5 24. Ng5 Re8 25. Rd1 Qf4 26. Qg2 Qe3 27.
Rd7 Re7 28. Rd8+ Re8 29. Rxe8+ Qxe8 30. f4 Qd7 31. Qc2 Qd5 32. Qe2 Qxc5 33.
Qe6+ Kh8 34. Qe8+ Bf8 35. Qh5+ 1-0

[Event "Europa tch femenino 2005"]
[Site "Gotebörg SWE"]
[Date "2005.08.01"]
[Round "3.8"]
[White "Trujillo Delgado, Dafnae"]
[Black "Johansson, Victoria"]
[Result "1/2-1/2"]
[WhiteElo "2219"]
[BlackElo "2218"]
[PlyCount "51"]
[EventDate "2005.07.30"]
[EventType "team"]
[EventRounds "9"]
[EventCountry "SWE"]
[Source "lmi"]
[SourceDate "2005.08.07"]

1. e4 c5 2. Nf3 Nc6 3. d4 cxd4 4. Nxd4 g6 5. Nc3 Bg7 6. Be3 Nf6 7. Be2 O-O 8.
Nb3 a5 9. a4 Nb4 10. e5 Ne8 11. f4 d6 12. O-O Bd7 13. Qd2 dxe5 14. fxe5 Bxe5
15. Bh6 Bg7 16. Bxg7 Kxg7 17. Nxa5 Qxa5 18. Qxd7 Qc5+ 19. Kh1 Nf6 20. Qxb7 Nxc2
21. Rab1 Nd4 22. Ne4 Nxe4 23. Qxe4 Nxe2 24. Qxe2 Rxa4 25. Rbc1 Qd6 26. Rfd1
1/2-1/2

[Event "Europa tch femenino 2005"]
[Site "Gotebörg SWE"]
[Date "2005.08.01"]
[Round "3.8"]
[White "Pavlovskaia, Evgenia"]
[Black "Llaneza Vega, Patricia"]
[Result "1/2-1/2"]
[WhiteElo "2174"]
[BlackElo "2180"]
[PlyCount "46"]
[EventDate "2005.07.30"]
[EventType "team"]
[EventRounds "9"]
[EventCountry "SWE"]
[Source "lmi"]
[SourceDate "2005.08.07"]

1. e4 c5 2. Nf3 e6 3. d4 cxd4 4. Nxd4 Nf6 5. Bd3 Nc6 6. Nxc6 bxc6 7. Nd2 d5 8.
Qe2 Be7 9. O-O O-O 10. Kh1 Qc7 11. f4 c5 12. b3 Rb8 13. c4 dxc4 14. Nxc4 Bd7
15. Bb2 Nxe4 16. Bxe4 Rbd8 17. Bxh7+ Kxh7 18. Qh5+ Kg8 19. Bxg7 Kxg7 20. Qg4+
Kh8 21. Qh5+ Kg7 22. Qg4+ Kh8 23. Qh5+ Kg7 1/2-1/2

[Event "Europa tch femenino 2005"]
[Site "Gotebörg SWE"]
[Date "2005.08.01"]
[Round "3.8"]
[White "Calzetta, Monica"]
[Black "Cramling, Pia"]
[Result "0-1"]
[WhiteElo "2282"]
[BlackElo "2494"]
[PlyCount "76"]
[EventDate "2005.07.30"]
[EventType "team"]
[EventRounds "9"]
[EventCountry "SWE"]
[Source "lmi"]
[SourceDate "2005.08.07"]

1. e4 c5 2. Nf3 e6 3. d4 cxd4 4. Nxd4 a6 5. Bd3 Bc5 6. Nb3 Ba7 7. Qe2 Nc6 8.
Be3 Nge7 9. Nc3 d6 10. O-O O-O 11. Rad1 b5 12. a3 e5 13. Bxa7 Rxa7 14. Qe3 Be6
15. Nd5 Rb7 16. c4 bxc4 17. Bxc4 Qb8 18. Rd3 Bxd5 19. exd5 Nf5 20. Qg5 Ncd4 21.
Nxd4 Nxd4 22. b4 a5 23. bxa5 Rc7 24. Ba2 Qb5 25. Bb1 Ne2+ 26. Kh1 Nc3 27. a4
Qa6 28. Qc1 Rb8 29. Bc2 Na2 30. Qd1 Nb4 31. Bb1 Nxd3 32. Bxd3 Qxa5 33. Bb5 Rc5
34. Bc6 Rb2 35. Qg4 g6 36. f4 Rf2 37. Qd1 Rxf1+ 38. Qxf1 Qd2 0-1

[Event "Europa tch femenino 2005"]
[Site "Gotebörg SWE"]
[Date "2005.08.01"]
[Round "3.9"]
[White "Richards, Heather"]
[Black "Muhren, Bianca"]
[Result "0-1"]
[WhiteElo "2150"]
[BlackElo "2269"]
[PlyCount "118"]
[EventDate "2005.07.30"]
[EventType "team"]
[EventRounds "9"]
[EventCountry "SWE"]
[Source "lmi"]
[SourceDate "2005.08.07"]

1. e4 c5 2. c3 d5 3. exd5 Qxd5 4. d4 g6 5. Nf3 Bg7 6. Na3 cxd4 7. Nb5 Na6 8.
Be3 Nf6 9. Bxd4 Bd7 10. a4 O-O 11. Be2 Rfd8 12. O-O Bxb5 13. axb5 Nc5 14. Ne5
Qd6 15. Bc4 Nd5 16. Re1 Ne6 17. Qf3 Bf6 18. Rad1 Nxd4 19. Rxd4 e6 20. Rde4 Rac8
21. Bb3 Bxe5 22. Rxe5 Rc5 23. h3 b6 24. R5e4 Nc7 25. c4 Qd3 26. R4e3 Qd7 27.
Ba2 Ne8 28. b4 Rf5 29. Qg4 Qd2 30. R3e2 Qxb4 31. Qe4 Qe7 32. Bb1 Rc5 33. Qg4
Qf6 34. h4 Rd4 35. Re4 h5 36. Qg3 Rdxc4 37. Qb8 Qe7 38. R4e3 Rc1 39. Be4 Rxe1+
40. Rxe1 Kg7 41. Rb1 Nf6 42. Bc6 Nd5 43. Qe5+ Qf6 44. Qb8 Rc2 45. Rf1 Nf4 46.
Bf3 Nh3+ 47. gxh3 Qxf3 48. Qxa7 Qxh3 49. Qa1+ Qc3 50. Qd1 Rd2 51. Qe1 Qd4 52.
Qc1 Qg4+ 53. Kh1 Qxh4+ 54. Kg1 Qg4+ 55. Kh1 Qf3+ 56. Kg1 Rd4 57. Qb2 e5 58. Rc1
Rg4+ 59. Kf1 Qd3+ 0-1

[Event "Europa tch femenino 2005"]
[Site "Gotebörg SWE"]
[Date "2005.08.01"]
[Round "3.9"]
[White "Hamelink, Desiree"]
[Black "Gilbert, Jessie"]
[Result "0-1"]
[WhiteElo "2195"]
[BlackElo "2151"]
[PlyCount "126"]
[EventDate "2005.07.30"]
[EventType "team"]
[EventRounds "9"]
[EventCountry "SWE"]
[Source "lmi"]
[SourceDate "2005.08.07"]

1. e4 c6 2. d4 d5 3. Nd2 Qb6 4. Ngf3 Bg4 5. c3 e6 6. Bd3 Nd7 7. O-O dxe4 8.
Nxe4 Ngf6 9. Qe2 Nxe4 10. Qxe4 Bf5 11. Qe3 Bxd3 12. Qxd3 Bd6 13. c4 Qc7 14. b3
Be7 15. Re1 Rd8 16. Bb2 Bf6 17. Qc2 O-O 18. Rad1 Rfe8 19. h3 Nf8 20. Bc3 Ng6
21. Qb2 Nf4 22. Qc2 Ng6 23. g3 b5 24. Bb4 Be7 25. Qc3 Rd7 26. Ba5 Qb7 27. c5
Bd8 28. Bxd8 Rexd8 29. Rd2 Rd5 30. Red1 Ne7 31. Rd3 Nf5 32. g4 Ne7 33. Ne5 f6
34. Nf3 Ng6 35. Ne1 Nf4 36. Re3 e5 37. Nc2 Qd7 38. Re4 h5 39. Qf3 hxg4 40. hxg4
Rxc5 41. Ne3 Rc3 42. dxe5 Qxd1+ 43. Qxd1 Rxd1+ 44. Nxd1 Rc1 45. Rxf4 fxe5 46.
Re4 Rxd1+ 47. Kg2 Rd5 48. Re2 Kf7 49. Kf3 Ke6 50. Ke3 Rd4 51. f3 a5 52. Rh2 a4
53. bxa4 Rxa4 54. Rc2 Kd5 55. Rd2+ Rd4 56. Rh2 c5 57. Rc2 e4 58. g5 Rd3+ 59.
Kf4 Rxf3+ 60. Kg4 c4 61. Kh5 c3 62. Kg6 Rg3 63. Rh2 Kd4 0-1

[Event "Europa tch femenino 2005"]
[Site "Gotebörg SWE"]
[Date "2005.08.01"]
[Round "3.9"]
[White "Bosboom-Lanchava, Tea"]
[Black "Lalic, Susan"]
[Result "1-0"]
[WhiteElo "2363"]
[BlackElo "2362"]
[PlyCount "71"]
[EventDate "2005.07.30"]
[EventType "team"]
[EventRounds "9"]
[EventCountry "SWE"]
[Source "lmi"]
[SourceDate "2005.08.07"]

1. d4 d5 2. c4 e6 3. Nf3 c5 4. cxd5 exd5 5. Bg5 Be7 6. Bxe7 Nxe7 7. dxc5 Na6 8.
e3 Nxc5 9. Be2 O-O 10. O-O Qb6 11. b3 Ne4 12. Nd4 Nc6 13. f3 Nf6 14. Nc3 Re8
15. Qd2 Nxd4 16. exd4 Bd7 17. g4 h6 18. h4 Rac8 19. Rac1 Qe6 20. Kf2 Qd6 21.
Rh1 Bxg4 22. Nb5 Qe6 23. Rxc8 Rxc8 24. Nxa7 Qf5 25. Nxc8 Ne4+ 26. Ke1 Qxc8 27.
fxe4 Bxe2 28. Kxe2 Qg4+ 29. Kf2 Qxe4 30. Rh3 Qf5+ 31. Rf3 Qe6 32. Qf4 Qd7 33.
Rc3 Qe6 34. Qe5 Qg6 35. h5 Qg4 36. Rg3 1-0

[Event "Europa tch femenino 2005"]
[Site "Gotebörg SWE"]
[Date "2005.08.01"]
[Round "3.10"]
[White "Topel, Zehra"]
[Black "Zaksaite, Salomeja"]
[Result "1-0"]
[WhiteElo "2081"]
[BlackElo "2237"]
[PlyCount "61"]
[EventDate "2005.07.30"]
[EventType "team"]
[EventRounds "9"]
[EventCountry "SWE"]
[Source "lmi"]
[SourceDate "2005.08.07"]

1. c4 e5 2. Nc3 Nf6 3. Nf3 Nc6 4. d4 exd4 5. Nxd4 Bb4 6. Bg5 Bxc3+ 7. bxc3 Ne5
8. e3 O-O 9. Be2 h6 10. Bh4 Ng6 11. Bg3 Ne4 12. Qc2 Nxg3 13. hxg3 d6 14. Rb1
Ne5 15. O-O b6 16. Rfd1 Be6 17. f4 Nxc4 18. Nxe6 Nxe3 19. Qd3 fxe6 20. Qxe3 Qf6
21. c4 Rae8 22. Bd3 e5 23. f5 e4 24. Bxe4 Qxf5 25. Bxf5 Rxe3 26. g4 Re2 27. Re1
Rxa2 28. Re7 h5 29. Rf1 Kh8 30. Bg6 Rc8 31. Rfe1 1-0

[Event "Europa tch femenino 2005"]
[Site "Gotebörg SWE"]
[Date "2005.08.01"]
[Round "3.10"]
[White "Limontaite, Simona"]
[Black "Cinar Corlulu, Nilufer"]
[Result "1-0"]
[WhiteElo "2095"]
[BlackElo "2038"]
[PlyCount "63"]
[EventDate "2005.07.30"]
[EventType "team"]
[EventRounds "9"]
[EventCountry "SWE"]
[Source "lmi"]
[SourceDate "2005.08.07"]

1. d4 Nf6 2. c4 c5 3. Nf3 cxd4 4. Nxd4 e5 5. Nb5 d5 6. cxd5 Bc5 7. e3 O-O 8.
N5c3 Qe7 9. a3 a5 10. Be2 e4 11. g4 Rd8 12. Nd2 Nxd5 13. Nxd5 Rxd5 14. Qc2 Nc6
15. Nxe4 Ba7 16. Bd2 Re5 17. Bd3 Bxg4 18. Bc3 Re6 19. Rg1 Rg6 20. Nf6+ Rxf6 21.
Bxf6 Qxf6 22. Rxg4 Ne5 23. Rg3 Nxd3+ 24. Qxd3 Rd8 25. Qc3 Qh6 26. Qxa5 Bb6 27.
Qg5 Qxg5 28. Rxg5 Bc7 29. Rd1 Ra8 30. Rd7 Bxh2 31. f4 Re8 32. Kf2 1-0

[Event "Europa tch femenino 2005"]
[Site "Gotebörg SWE"]
[Date "2005.08.01"]
[Round "3.10"]
[White "Bayrak, Asli"]
[Black "Daulyte, Deimante"]
[Result "0-1"]
[WhiteElo "1967"]
[BlackElo "2195"]
[PlyCount "120"]
[EventDate "2005.07.30"]
[EventType "team"]
[EventRounds "9"]
[EventCountry "SWE"]
[Source "lmi"]
[SourceDate "2005.08.07"]

1. e4 c5 2. Nc3 Nc6 3. g3 g6 4. Bg2 Bg7 5. d3 d6 6. f4 e6 7. Nf3 Nge7 8. O-O
O-O 9. Be3 b6 10. d4 Ba6 11. Re1 Qc7 12. a4 Rad8 13. Nb5 Bxb5 14. axb5 Nxd4 15.
Nxd4 cxd4 16. Bxd4 e5 17. Bc3 d5 18. Bxe5 Qc5+ 19. Kh1 dxe4 20. Qe2 Bxe5 21.
fxe5 Qxe5 22. Qxe4 Qxe4 23. Rxe4 Nf5 24. Rea4 Rd2 25. Be4 Nd4 26. Rxa7 Nxc2 27.
Bxc2 Rxc2 28. R7a6 Rxb2 29. Rxb6 Rd8 30. h4 Rdd2 31. Rb8+ Kg7 32. b6 Rh2+ 33.
Kg1 Rhg2+ 34. Kh1 Rxg3 35. b7 Rh3+ 36. Kg1 Rxh4 37. Raa8 Kh6 38. Ra7 Rc4 39.
Rc8 Rxb7 40. Rxb7 Rxc8 41. Rxf7 Rc2 42. Ra7 g5 43. Rb7 Kg6 44. Ra7 h5 45. Ra5
h4 46. Rb5 Kh5 47. Ra5 h3 48. Rb5 Kh4 49. Rb4+ g4 50. Ra4 Re2 51. Rb4 Kg5 52.
Rb5+ Kf4 53. Rb4+ Kf3 54. Rb1 g3 55. Rb3+ Re3 56. Rb1 g2 57. Kh2 Kf2 58. Rb2+
Re2 59. Rb1 Re1 60. Rb2+ Kf1 0-1

[Event "Europa tch femenino 2005"]
[Site "Gotebörg SWE"]
[Date "2005.08.01"]
[Round "3.12"]
[White "Wilson, Alexandra"]
[Black "Sikorova, Olga"]
[Result "0-1"]
[WhiteElo "2056"]
[BlackElo "2232"]
[PlyCount "78"]
[EventDate "2005.07.30"]
[EventType "team"]
[EventRounds "9"]
[EventCountry "SWE"]
[Source "lmi"]
[SourceDate "2005.08.07"]

1. e4 d5 2. exd5 Nf6 3. d4 Nxd5 4. c4 Nb6 5. c5 Nd5 6. Nf3 c6 7. Nc3 e6 8. Bd3
Nd7 9. Nxd5 exd5 10. Bg5 Be7 11. Qe2 Nf8 12. Nh4 Ne6 13. Bxe7 Qxe7 14. Nf5 Qf6
15. Nd6+ Kf8 16. O-O Bd7 17. Nxb7 Qxd4 18. Rad1 Qb4 19. Ba6 Nxc5 20. a3 Qb6 21.
Nxc5 Qxc5 22. b4 Qd6 23. Rfe1 h5 24. Qc2 Rb8 25. Re3 Rh6 26. Rc3 Re8 27. b5
cxb5 28. Bb7 Rhe6 29. Qd2 Re2 30. Qc1 Qb6 31. Rf1 d4 32. Rc7 Be6 33. Bf3 Re5
34. Rc6 Qa5 35. Rc5 Bc4 36. Rxe5 Rxe5 37. Qf4 Qe1 38. Qc1 Bxf1 39. Qc8+ Re8 0-1

[Event "Europa tch femenino 2005"]
[Site "Gotebörg SWE"]
[Date "2005.08.01"]
[Round "3.12"]
[White "Lematschko, Tatjana"]
[Black "Jackova, Jana"]
[Result "0-1"]
[WhiteElo "2205"]
[BlackElo "2386"]
[PlyCount "128"]
[EventDate "2005.07.30"]
[EventType "team"]
[EventRounds "9"]
[EventCountry "SWE"]
[Source "lmi"]
[SourceDate "2005.08.07"]

1. d4 Nf6 2. c4 e6 3. Nc3 Bb4 4. Bg5 h6 5. Bxf6 Qxf6 6. e3 c5 7. Qf3 Qe7 8. a3
Ba5 9. Nge2 d6 10. Qe4 Nd7 11. Qc2 O-O 12. g3 cxd4 13. Nxd4 Ne5 14. Be2 Bd7 15.
O-O Rac8 16. b4 Bb6 17. Qa2 a6 18. Nf3 Nxf3+ 19. Bxf3 Qf6 20. Bxb7 Qxc3 21.
Rac1 Qe5 22. Bxa6 Rc7 23. Qd2 Ra8 24. b5 Rca7 25. a4 Rxa6 26. bxa6 Rxa6 27. Qe2
Bc5 28. Rb1 Qe4 29. Rb8+ Kh7 30. Rb3 Rxa4 31. Rc1 Bc6 32. Qd3 Qxd3 33. Rxd3 Bf3
34. Kf1 g5 35. h3 e5 36. g4 h5 37. gxh5 Kh6 38. Kg1 Kxh5 39. Kh2 Be2 40. Rdc3
e4 41. Kg3 Bd3 42. Rh1 Bxc4 43. h4 d5 44. hxg5+ Kxg5 45. Rd1 Kf6 46. Rcc1 Ra8
47. Rd2 Ke6 48. Rb1 f5 49. Kg2 f4 50. exf4 Kf5 51. Rb7 Rg8+ 52. Kh1 Kxf4 53.
Rf7+ Ke5 54. Rh7 Bd3 55. Rh2 Kd4 56. Ra2 Kc3 57. Ra5 Kb4 58. Ra2 e3 59. f3 Rg1+
60. Kxg1 e2+ 61. Kg2 e1=Q 62. Rh1 Qe3 63. Rd1 Kb5 64. Rb2+ Kc6 0-1

[Event "Europa tch femenino 2005"]
[Site "Gotebörg SWE"]
[Date "2005.08.01"]
[Round "3.12"]
[White "Kulovana, Eva"]
[Black "Roelli, Corinne"]
[Result "1-0"]
[WhiteElo "2137"]
[BlackElo "2001"]
[PlyCount "61"]
[EventDate "2005.07.30"]
[EventType "team"]
[EventRounds "9"]
[EventCountry "SWE"]
[Source "lmi"]
[SourceDate "2005.08.07"]

1. e4 c5 2. Nf3 e6 3. d4 cxd4 4. Nxd4 a6 5. Bd3 Nf6 6. O-O Qc7 7. Qe2 d6 8. c4
Nc6 9. Nxc6 bxc6 10. Nc3 Be7 11. f4 e5 12. f5 h5 13. Kh1 Ng4 14. b3 Bd8 15. c5
Qe7 16. cxd6 Qh4 17. g3 Qh3 18. Qg2 Qxg2+ 19. Kxg2 Bb6 20. Ne2 Bc5 21. h3 Nf6
22. Bb2 Bxd6 23. Ng1 Bb7 24. Nf3 Nd7 25. Rad1 Ke7 26. Bc4 f6 27. Nh4 Nf8 28.
Rf2 Rd8 29. Rfd2 Bc8 30. Rxd6 Rxd6 31. Ba3 1-0

[Event "Europa tch femenino 2005"]
[Site "Gotebörg SWE"]
[Date "2005.08.01"]
[Round "3.12"]
[White "Cedikova, Katerina"]
[Black "Seps, Monika"]
[Result "1/2-1/2"]
[WhiteElo "2262"]
[BlackElo "2173"]
[PlyCount "81"]
[EventDate "2005.07.30"]
[EventType "team"]
[EventRounds "9"]
[EventCountry "SWE"]
[Source "lmi"]
[SourceDate "2005.08.07"]

1. d4 d5 2. c4 c6 3. Nf3 Nf6 4. Nc3 e6 5. cxd5 exd5 6. Qc2 Nbd7 7. Bg5 Be7 8.
e3 O-O 9. Bd3 Re8 10. O-O h6 11. Bf4 Nf8 12. Rab1 Bd6 13. Bxd6 Qxd6 14. b4 Ne6
15. Ne5 Bd7 16. f4 b6 17. g4 Nf8 18. Qg2 Re7 19. g5 Ne8 20. b5 Rd8 21. bxc6
Bxc6 22. Bb5 Rxe5 23. fxe5 Qg6 24. gxh6 Qxh6 25. Qf3 Rd7 26. Bxc6 Qxc6 27. Ne2
Nc7 28. Nf4 Qc2 29. Rbc1 Qf5 30. Rxc7 Rxc7 31. Nxd5 Qxf3 32. Rxf3 Rd7 33. Nc3
Ng6 34. Ne4 Ne7 35. Rf2 Nd5 36. Re2 Rc7 37. Kf2 Kf8 38. Kf3 Ke7 39. h4 Rc1 40.
Kg2 Ra1 41. Kf3 1/2-1/2

[Event "Europa tch femenino 2005"]
[Site "Gotebörg SWE"]
[Date "2005.08.01"]
[Round "3.13"]
[White "Thorsteinsdottir, Gudlaug"]
[Black "Hansson, Susanne"]
[Result "1/2-1/2"]
[WhiteElo "2132"]
[BlackElo "2110"]
[PlyCount "43"]
[EventDate "2005.07.30"]
[EventType "team"]
[EventRounds "9"]
[EventCountry "SWE"]
[Source "lmi"]
[SourceDate "2005.08.07"]

1. d4 Nf6 2. Nf3 c5 3. d5 e6 4. c4 exd5 5. cxd5 d6 6. Nc3 g6 7. e4 a6 8. a4 Bg4
9. Be2 Bxf3 10. Bxf3 Nbd7 11. O-O Bg7 12. Be2 O-O 13. f4 Re8 14. Bf3 Qc7 15.
Re1 c4 16. Be3 Nc5 17. Bxc5 Qxc5+ 18. Kh1 Nd7 19. Bg4 Nf6 20. Bf3 Nd7 21. Bg4
Nf6 22. Bf3 1/2-1/2

[Event "Europa tch femenino 2005"]
[Site "Gotebörg SWE"]
[Date "2005.08.01"]
[Round "3.13"]
[White "Fridthjofsdottir, Sigurl  Regin"]
[Black "Frisk, Ellinor"]
[Result "1/2-1/2"]
[WhiteElo "1963"]
[BlackElo "1991"]
[PlyCount "50"]
[EventDate "2005.07.30"]
[EventType "team"]
[EventRounds "9"]
[EventCountry "SWE"]
[Source "lmi"]
[SourceDate "2005.08.07"]

1. e4 e6 2. d4 d5 3. Nd2 c5 4. c3 cxd4 5. cxd4 dxe4 6. Nxe4 Nc6 7. Nf3 Bb4+ 8.
Nc3 Nf6 9. a3 Be7 10. Be2 O-O 11. O-O Nd5 12. Ne4 b6 13. Re1 Bb7 14. Bd3 Nf6
15. Ng3 Qc7 16. Be3 Rad8 17. Qc2 Rc8 18. Rac1 Qb8 19. Qe2 Rfe8 20. Red1 Nd5 21.
Bb1 Nf4 22. Bxf4 Qxf4 23. Qd3 g6 24. Ne2 Qd6 25. Qe3 Bf6 1/2-1/2

[Event "Europa tch femenino 2005"]
[Site "Gotebörg SWE"]
[Date "2005.08.01"]
[Round "3.13"]
[White "Agrest, Inna"]
[Black "Gretarsdottir, Lilja"]
[Result "1-0"]
[WhiteElo "1984"]
[BlackElo "2046"]
[PlyCount "71"]
[EventDate "2005.07.30"]
[EventType "team"]
[EventRounds "9"]
[EventCountry "SWE"]
[Source "lmi"]
[SourceDate "2005.08.07"]

1. e4 c5 2. c3 d5 3. exd5 Qxd5 4. d4 Nf6 5. Nf3 e6 6. Be3 cxd4 7. cxd4 Bb4+ 8.
Nc3 O-O 9. a3 Bxc3+ 10. bxc3 b6 11. Bd3 Ba6 12. O-O Bxd3 13. Qxd3 Nbd7 14. Rfd1
Rfc8 15. Rac1 b5 16. Qb1 Ne4 17. Rd3 Rc4 18. Nd2 Nxd2 19. Bxd2 Rac8 20. Rh3 Nf6
21. Re1 a6 22. Qd3 Qf5 23. Qe2 Qc2 24. Rg3 Ne4 25. Rxg7+ Kh8 26. Rxf7 Qxd2 27.
Qxe4 Qh6 28. Qe5+ Kg8 29. Rf6 Qg7 30. Qxe6+ Kh8 31. Qe8+ Rxe8 32. Rxe8+ Qg8 33.
Rxg8+ Kxg8 34. Rxa6 Rxc3 35. g3 Rd3 36. Ra5 1-0

[Event "Europa tch femenino 2005"]
[Site "Gotebörg SWE"]
[Date "2005.08.02"]
[Round "4.1"]
[White "Galliamova, Alisa"]
[Black "Bogza, Adina-Maria"]
[Result "0-1"]
[WhiteElo "2453"]
[BlackElo "2325"]
[PlyCount "100"]
[EventDate "2005.07.30"]
[EventType "team"]
[EventRounds "9"]
[EventCountry "SWE"]
[Source "lmi"]
[SourceDate "2005.08.07"]

1. e4 d6 2. d4 Nf6 3. Nc3 g6 4. Bg5 c6 5. Qd2 b5 6. Bd3 Nbd7 7. d5 Bb7 8. Nf3
Bg7 9. dxc6 Bxc6 10. Nd4 b4 11. Nd5 Bxd5 12. exd5 Qb6 13. Nb3 O-O 14. O-O Rac8
15. Rae1 Rfe8 16. Be4 a5 17. a3 a4 18. Nc1 bxa3 19. bxa3 Qb2 20. Bd3 Ne5 21.
Qa5 Ra8 22. Qd2 Qxa3 23. Bb5 Rec8 24. Rxe5 dxe5 25. c4 Ne4 26. Qe3 Qxe3 27.
Bxe3 Nd6 28. Bc6 Nxc4 29. Bc5 Rxc6 30. dxc6 Rc8 31. Bxe7 Rxc6 32. Nd3 a3 33.
Nb4 Rc8 34. Rc1 e4 35. Na2 Bb2 36. Rd1 f5 37. h3 Kf7 38. Rd7 Ke6 39. Rb7 Na5
40. Rb5 Kxe7 41. Rxa5 Rd8 42. g4 Ke6 43. gxf5+ gxf5 44. Kf1 Rd3 45. h4 Rb3 46.
Kg2 Bd4 47. Ra6+ Ke5 48. Ra5+ Kf4 49. Ra4 Bxf2 50. Nc1 Rf3 0-1

[Event "Europa tch femenino 2005"]
[Site "Gotebörg SWE"]
[Date "2005.08.02"]
[Round "4.2"]
[White "Arakhamia-Grant, Ketevan"]
[Black "Muller, Anne"]
[Result "1-0"]
[WhiteElo "2423"]
[BlackElo "2169"]
[PlyCount "161"]
[EventDate "2005.07.30"]
[EventType "team"]
[EventRounds "9"]
[EventCountry "SWE"]
[Source "lmi"]
[SourceDate "2005.08.07"]

1. e4 c5 2. Nf3 d6 3. d4 cxd4 4. Nxd4 Nf6 5. Nc3 Nc6 6. Bg5 e6 7. Qd2 Be7 8.
O-O-O Nxd4 9. Qxd4 O-O 10. f4 Qa5 11. Bc4 Bd7 12. e5 dxe5 13. fxe5 Bc6 14. Bd2
Nd7 15. Nd5 Qd8 16. Nxe7+ Qxe7 17. Kb1 Rfc8 18. Rhg1 a5 19. g4 Qc5 20. Qxc5
Nxc5 21. Bf4 Rd8 22. Bg5 Rxd1+ 23. Rxd1 Nd7 24. Bf4 Kf8 25. g5 Ke7 26. h4 Rc8
27. Rd4 g6 28. Be2 Bd5 29. a3 Rc5 30. c4 Bg2 31. b4 axb4 32. axb4 Rc8 33. Kb2
Ra8 34. Rd1 Be4 35. Re1 Bg2 36. Bd3 Bf3 37. Bf1 Rc8 38. Bd2 b6 39. Bc3 Ra8 40.
Re3 Bh1 41. Rd3 Kd8 42. Be2 Be4 43. Rd4 Bh1 44. Rf4 Ke7 45. Rf1 Be4 46. Rd1 Bg2
47. Kb3 Be4 48. Rd6 Kd8 49. Rd4 Bg2 50. Rf4 Ke7 51. Bd4 Bc6 52. h5 Ba4+ 53. Kb2
Bc6 54. Rh4 Ra4 55. Kb3 Ra8 56. Bd3 Rd8 57. Bc2 Ra8 58. Kb2 Rc8 59. hxg6 hxg6
60. Rh7 Rg8 61. Kb3 Nf8 62. Rh3 Nd7 63. b5 Bg2 64. Rh2 Bf3 65. Kb4 Rc8 66. Rf2
Bb7 67. Rh2 Bf3 68. Bb1 Ra8 69. Rh7 Rg8 70. Rh3 Bg2 71. Ra3 Ra8 72. Rxa8 Bxa8
73. c5 bxc5+ 74. Bxc5+ Kd8 75. Bd6 Kc8 76. Ka5 Bf3 77. Ka6 Bg2 78. Bd3 Bd5 79.
Ka7 Bf3 80. b6 Bb7 81. Ba6 1-0

[Event "Europa tch femenino 2005"]
[Site "Gotebörg SWE"]
[Date "2005.08.02"]
[Round "4.3"]
[White "Zawadzka, Jolanta"]
[Black "Makropoulou, Marina"]
[Result "1/2-1/2"]
[WhiteElo "2402"]
[BlackElo "2287"]
[PlyCount "142"]
[EventDate "2005.07.30"]
[EventType "team"]
[EventRounds "9"]
[EventCountry "SWE"]
[Source "lmi"]
[SourceDate "2005.08.07"]

1. e4 e5 2. Nf3 Nc6 3. d4 exd4 4. Nxd4 Bc5 5. Be3 Qf6 6. c3 Nge7 7. Bc4 Ne5 8.
Bb3 d6 9. O-O a6 10. Kh1 Bd7 11. Nd2 O-O-O 12. f4 Ng4 13. Bg1 h5 14. e5 Qh6 15.
Ne4 dxe5 16. fxe5 Bxd4 17. cxd4 Nf5 18. Qc1 Qxc1 19. Raxc1 Ngh6 20. d5 Kb8 21.
Rfe1 Rde8 22. Nc5 Bc8 23. Ba4 Rd8 24. e6 fxe6 25. dxe6 Ne7 26. Be3 Nhf5 27. Bf4
Nd5 28. Bg5 Nfe7 29. Bb3 Nf6 30. Rcd1 b6 31. Nd7+ Bxd7 32. exd7 Nf5 33. Be6 Nd6
34. Kg1 Rhf8 35. g3 Nde4 36. Rxe4 Nxe4 37. Bxd8 Rxd8 38. Kg2 c6 39. Rf1 Nc5 40.
Bf7 Rxd7 41. Bxh5 Rd2+ 42. Rf2 Rxf2+ 43. Kxf2 Nd3+ 44. Ke3 Nxb2 45. Be2 b5 46.
h4 Kc7 47. g4 Kd6 48. h5 Ke5 49. g5 c5 50. h6 gxh6 51. gxh6 Kf6 52. Bh5 Nc4+
53. Kd3 Nd6 54. Kc3 Nf5 55. h7 Kg7 56. Bg6 Nd6 57. Bd3 Nf7 58. a3 Ne5 59. Be4
a5 60. Bc2 a4 61. Kb2 Nc4+ 62. Ka2 Nd2 63. Kb2 Nc4+ 64. Ka2 Ne3 65. Be4 Nd1 66.
Bc2 Ne3 67. Be4 b4 68. Bc6 bxa3 69. Kxa3 Kxh7 70. Kxa4 Kg7 71. Bd5 Kf6 1/2-1/2